000 004650000a22001690004500
041 0 _aSPA
082 0 4 _aG 362.82 B6587v
100 1 _aBlumenkranz Valle, Dora
245 1 0 _aViolencia conyugal : Características, causas y terapia / Dora Blumenkranz Valle
260 _aMedellín : [S:N:]
300 _a124 Pág.
001 14326
942 _cBK
999 _c43208
_d43208
336 _atexto
_btxt
_2rdacontent
337 _2rdamedia
_asin mediación
_bn
338 _2rdacarrier
_avolumen
_bnc